00245nam a2200109Ia 4500008004100000100001500041245002500056250000800081260003000089300000800119650000800127191201s2011 xx 000 0 und d aSHARMA,J K 0aDiscrete Mathematics aRep c2011bMacmillanaN. delhi a582 aCSE